Catálogo
 En Linea

Burn the river!=¡Quemen el río! / (Registro nro. 56344)

Detalles MARC
000 -CABECERA
campo de control de longitud fija 01872nam a22003137i 4500
003 - IDENTIFICADOR DEL NÚMERO DE CONTROL
campo de control DO-SdBNP
005 - FECHA Y HORA DE LA ÚLTIMA TRANSACCIÓN
campo de control 20260529143624.0
007 - CAMPO FIJO DE DESCRIPCIÓN FÍSICA--INFORMACIÓN GENERAL
campo de control de longitud fija ta
008 - DATOS DE LONGITUD FIJA--INFORMACIÓN GENERAL
campo de control de longitud fija 240411b2023 dr a|||| |||| 00| 0 spa d
020 ## - NÚMERO INTERNACIONAL ESTÁNDAR DEL LIBRO
Número Internacional Estándar del Libro 9789945648294
040 ## - FUENTE DE LA CATALOGACIÓN
Centro catalogador/agencia de origen DO-SdBNP
Lengua de catalogación spa
Centro/agencia transcriptor BNPHU
Normas de descripción rda
041 ## - CÓDIGO DE LENGUA
Código de lengua del texto/banda sonora o título independiente spa
082 #4 - NÚMERO DE LA CLASIFICACIÓN DECIMAL DEWEY
Número de clasificación RD863.44
Número de documento/Ítem R175b
Número de edición 22
100 ## - ENTRADA PRINCIPAL--NOMBRE DE PERSONA
Nombre de persona Ramos, Emelda,
Fechas asociadas al nombre 1948-
Término indicativo de función/relación autor
Código de función/relación aut.
9 (RLIN) 1915
245 10 - MENCIÓN DE TÍTULO
Título Burn the river!=¡Quemen el río! /
Mención de responsabilidad, etc. Emelda Ramos
246 10 - FORMA VARIANTE DE TÍTULO
Título propio/Titulo breve ¡Quemen el río!
264 #1 - PRODUCCIÓN, PUBLICACIÓN, DISTRIBUCIÓN, FABRICACIÓN Y COPYRIGHT
Producción, publicación, distribución, fabricación y copyright Santo Domingo, República Dominicana :
Nombre del de productor, editor, distribuidor, fabricante Editorial Santuario,
Fecha de producción, publicación, distribución, fabricación o copyright 2023.
300 ## - DESCRIPCIÓN FÍSICA
Extensión 105 páginas :
Otras características físicas ilustraciones ;
Dimensiones 23 cm.
336 ## - TIPO DE CONTENIDO
Término de tipo de contenido texto
Fuente rdacontent
Código de tipo de contenido txt
337 ## - TIPO DE MEDIO
Nombre/término del tipo de medio sin mediación
Código del tipo de medio n
Fuente rdamedia
338 ## - TIPO DE SOPORTE
Nombre/término del tipo de soporte volumen
Código del tipo de soporte nc
Fuente rdacarrier
500 ## - NOTA GENERAL
Nota general Incluye datos biográficos de la autora en las solapas
505 ## - NOTA DE CONTENIDO CON FORMATO
Nota de contenido con formato Dedicatoria, 7.-- Aclaratoria, 9.-- Desapercibido, 11.-- Estelas de un oscuro tiempo, 17.-- Una mujer, un río, 24.-- Hojas de luz en la corriente, 47.-- Siembra y gavilla – El incendio se acerca, 63.-- La batalla jamás contada, 75.-- El combate del tiempo, 85.-- Los escombros del repudio, 89.-- El reencuentro con historia, 97.-- Índice de imágenes / Autobús de los años 60, 11.-- Muelle del Puerto de Santo Domingo. Época de la Intervención Norteamericana, 17.-- Galápago, silla de montar para mujer.-- Amazona y su caballo, 24.-- Río de orillas boscosas, 47.-- Histórica fotografía de Juanico y Fredesvinda en 1916, 63.-- Marines disparando.-- Río en llamas, 75.-- Cerro de la cruz y Loma azul, 85.-- Cuadro de Hans Zatzka : Ninfas en el lago del bosque, 89.-- Lo ofrendado a las Altagracia – Joya de mujer Revolver gavillero, 97.
590 ## - NOTA LOCAL (RLIN)
Nota local Inventariado, 2024 /LP
650 #7 - PUNTO DE ACCESO ADICIONAL DE MATERIA--TÉRMINO DE MATERIA
Término de materia o nombre geográfico como elemento de entrada Novela dominicana
Fuente del encabezamiento o término LEMB
9 (RLIN) 223
650 #7 - PUNTO DE ACCESO ADICIONAL DE MATERIA--TÉRMINO DE MATERIA
Término de materia o nombre geográfico como elemento de entrada Literatura dominicana
Fuente del encabezamiento o término LEMB
910 ## - DATOS DE OPCIÓN DEL USUARIO (OCLC)
Datos de opción del usuario LP/Validado. Control de calidad MFF
942 ## - ELEMENTOS DE PUNTO DE ACCESO ADICIONAL (KOHA)
Fuente del sistema de clasificación o colocación Dewey Decimal Classification
Tipo de ítem Koha Libro
Existencias
Estado de retiro Estado de pérdida Fuente del sistema de clasificación o colocación Restricciones de uso No para préstamo Código de colección Localización permanente Ubicación/localización actual Ubicación en estantería Fecha de adquisición Fuente de adquisición Total de préstamos Signatura topográfica completa Código de barras Fecha visto por última vez Precio válido a partir de Tipo de ítem Koha Número de copia
    Dewey Decimal Classification Excluido de préstamo   Patrimonio Dominicano Biblioteca Nacional Pedro Henríquez Ureña Biblioteca Nacional Pedro Henríquez Ureña Depósito 01.12.2023 Depósito Legal   BNPHU PD RD863.44 R175b 2024-2080 11.04.2024 11.04.2024 Libro  
    Dewey Decimal Classification Excluido de préstamo   Patrimonio Dominicano Biblioteca Nacional Pedro Henríquez Ureña Biblioteca Nacional Pedro Henríquez Ureña Depósito 01.12.2023 Depósito Legal   BNPHU PD RD863.44 R175b 2024-2081 11.04.2024 11.04.2024 Libro e.2
    Dewey Decimal Classification Préstamo en sala   Dominicana de Servicio Biblioteca Nacional Pedro Henríquez Ureña Biblioteca Nacional Pedro Henríquez Ureña Depósito 01.12.2023 Depósito Legal   BNPHU DS RD863.44 R175b 2024-2082 11.04.2024 11.04.2024 Libro e.3
    Dewey Decimal Classification Préstamo en sala   Dominicana de Servicio Biblioteca Nacional Pedro Henríquez Ureña Biblioteca Nacional Pedro Henríquez Ureña Depósito 20.03.2025 Donación   BNPHU DS RD863.44 R175b 2025-3477 21.04.2025 21.04.2025 Libro e.4
    Dewey Decimal Classification Préstamo en sala   Dominicana de Servicio Biblioteca Nacional Pedro Henríquez Ureña Biblioteca Nacional Pedro Henríquez Ureña Depósito 20.03.2025 Donación   BNPHU DS RD863.44 R175b 2025-3480 21.04.2025 21.04.2025 Libro e.5

Con tecnología Koha